Missing Word: The ‘90s Quiz Stats

Quiz Updated Dec 24, 2015

Challenge
Share
Tweet
Embed
Score 0/20 Timer 02:00
0 Plays Today
1990s Term Missing Word % Correct
The _____ of the LambsSilence
99.1%
Forrest ______Gump
99%
The Spice ______Girls
98.7%
Backstreet ______Boys
98.3%
The Lion ______King
97.8%
My ______ PonyLittle
94.9%
______ TeresaMother
94.1%
______ phonesMobile/Cell
93.4%
Beanie _____babies
88.6%
Gangsta ______rap
85.7%
1990s Term Missing Word % Correct
_____, Texas RangerWalker
84.4%
Dolly the ______sheep
83.5%
______ YeltsinBoris
83.3%
Hubble Space ______Telescope
78.8%
Super ______ water gunsSoaker
77.8%
______ High School shootingsColumbine
76.5%
Desert ______Storm/Shield
68.3%
The ______ ______ DollsGoo Goo
66.3%
______bladesRoller
65.4%
The Pentium ______processor
40.1%

Today's Daily Dose

You're not logged in!

Compare scores with friends on all Sporcle quizzes.
Join for Free
OR
Log In

You Might Also Like...

Show Comments

Extras

Top Quizzes Today


Score Distribution

Your Account Isn't Verified!

In order to create a playlist on Sporcle, you need to verify the email address you used during registration. Go to your Sporcle Settings to finish the process.

Report this User

Report this user for behavior that violates our Community Guidelines.

Details: